logo

Bir Sreshtho Munshi Abdur Rouf Library
Jhenaidah Cadet College

Business writing : (Record no. 6064)

MARC details
000 -LEADER
fixed length control field 00801cam a2200277 a 4500
001 - CONTROL NUMBER
JCCL Control Number 6064
003 - CONTROL NUMBER IDENTIFIER
JCCL marc code BD-JhCC
005 - DATE AND TIME OF LATEST TRANSACTION
control field 20180102093419.0
008 - FIXED-LENGTH DATA ELEMENTS--GENERAL INFORMATION
fixed length control field 840906s1985 caua 001 0 eng
020 ## - INTERNATIONAL STANDARD BOOK NUMBER
International Standard Book Number 0534046207 (pbk.)
035 ## - SYSTEM CONTROL NUMBER
system control number (BD-JhCC) 6064
040 ## - CATALOGING SOURCE
Original cataloging agency DLC
Transcribing agency DLC
Modifying agency DLC
041 ## - LANGUAGE CODE
Language code of Book eng
050 00 - LIBRARY OF CONGRESS CALL NUMBER
Classification number PE1479.B87
Item number B38 1985
082 00 - DEWEY DECIMAL CLASSIFICATION NUMBER
Classification number 808.066651
DDC Edition number 19
Author mark and Year BAT 1985
100 1# - MAIN ENTRY--PERSONAL NAME
Personal name Batteiger, Richard P.
245 10 - TITLE STATEMENT
Title Business writing :
Remainder of title process and forms /
Statement of responsibility, etc Richard P. Batteiger.
260 ## - PUBLICATION, DISTRIBUTION, ETC. (IMPRINT)
Place of publication, distribution, etc Belmont, Calif. :
Name of publisher, distributor, etc Wadsworth Pub. Co.,
Date of publication, distribution, etc c1985.
300 ## - PHYSICAL DESCRIPTION
Pagination xxii, 467 p. :
Other physical details ill. ;
Dimensions 24 cm.
500 ## - GENERAL NOTE
General note Includes index.
650 #0 - SUBJECT ADDED ENTRY--TOPICAL TERM
Topical term or geographic name as entry element English language
General subdivision Rhetoric.
650 #0 - SUBJECT ADDED ENTRY--TOPICAL TERM
Topical term or geographic name as entry element English language
General subdivision Business English.
650 #0 - SUBJECT ADDED ENTRY--TOPICAL TERM
Topical term or geographic name as entry element Business writing.
942 ## - ADDED ENTRY ELEMENTS (KOHA)
Source of classification or shelving scheme Dewey Decimal Classification
Koha item type Books
Holdings
Source of classification or shelving scheme Damaged status Not for loan Home library Current library Shelving location Source of acquisition Total Checkouts Full call number Barcode Date last seen Copy number Koha item type
Dewey Decimal Classification     JCC Rouf Library JCC Rouf Library General Stacks The Asia foundation   808/.066651 BAT 1985 8474 01/01/2018 C - 1 Books

JCC Library | Contacts | JCC Home

Last Update on 23 September 2017
Copyright @ 2017-2020 JCC Rouf Library
Rouf Library, Jhenidah Cadet College (JCC), Bangladesh